The king of torts

A washed-up public defender's latest case takes an unexpected turn when he discovers evidence of a conspiracy involving a large drug company and a lawsuit with a huge potential settlement.

Gespeichert in:
Bibliographische Detailangaben
1. Verfasser: Grisham, John
Format: Buch
Sprache:Undetermined
Veröffentlicht: New York Random House Audio 2003
Schlagworte:
Tags: Tag hinzufügen
Keine Tags, Fügen Sie den ersten Tag hinzu!
Thư viện lưu trữ: Trung tâm Học liệu Trường Đại học Cần Thơ
LEADER 00776nam a2200205Ia 4500
001 CTU_187682
008 210402s9999 xx 000 0 und d
082 |a 428.24 
082 |b G869/Cas.3 
100 |a Grisham, John 
245 4 |a The king of torts 
245 0 |c John Grisham, Peter Michalos, Dennis Boutsikaris 
260 |a New York 
260 |b Random House Audio 
260 |c 2003 
520 |a A washed-up public defender's latest case takes an unexpected turn when he discovers evidence of a conspiracy involving a large drug company and a lawsuit with a huge potential settlement. 
650 |a English language,Ngôn ngữ Anh 
650 |x Study and teaching,Học và dạy 
904 |i Giang 
980 |a Trung tâm Học liệu Trường Đại học Cần Thơ